Das existenzminimum und verwandte fragen, (Record no. 35779)

MARC details
000 -LEADER
fixed length control field 00632cam a22002172 4500
001 - CONTROL NUMBER
control field l 25000112
003 - CONTROL NUMBER IDENTIFIER
control field DLC
005 - DATE AND TIME OF LATEST TRANSACTION
control field 20260227111530.0
008 - FIXED-LENGTH DATA ELEMENTS--GENERAL INFORMATION
fixed length control field 820716s1921 gw 000 0 ger
010 ## - LIBRARY OF CONGRESS CONTROL NUMBER
LC control number l 25000112
040 ## - CATALOGING SOURCE
Original cataloging agency DLC
Transcribing agency CarP
Modifying agency DLC
043 ## - GEOGRAPHIC AREA CODE
Geographic area code e-gx---
050 00 - LIBRARY OF CONGRESS CALL NUMBER
Classification number HD7029
Item number .K8
100 1# - MAIN ENTRY--PERSONAL NAME
Personal name Kuczynski, Robert René,
Dates associated with a name 1876-1947.
245 14 - TITLE STATEMENT
Title Das existenzminimum und verwandte fragen,
260 ## - PUBLICATION, DISTRIBUTION, ETC.
Place of publication, distribution, etc. Berlin,
Name of publisher, distributor, etc. H. R. Engelmann,
Date of publication, distribution, etc. 1921.
300 ## - PHYSICAL DESCRIPTION
Extent 3 p. l., 137 p.
Dimensions 23 cm.
650 #0 - SUBJECT ADDED ENTRY--TOPICAL TERM
Topical term or geographic name entry element Cost and standard of living
Geographic subdivision Germany.
651 #0 - SUBJECT ADDED ENTRY--GEOGRAPHIC NAME
Geographic name Germany
General subdivision Economic conditions.
650 #0 - SUBJECT ADDED ENTRY--TOPICAL TERM
Topical term or geographic name entry element Finance, Public
Geographic subdivision Germany.

No items available.

Powered by Koha